000 02828njm0a2200541 4500
001 RU\NLR\BIBL_A\010846930
005 20260628160604.0
021 _aRU0321501390
035 _a(NLR Aleph) 010846930
090 _a13739781
_c13739781
100 _a20150618d2014 c y0rusy50 ca
101 0 _arus
102 _aRU
106 _as
135 _aaouga||||||||
200 1 _aПутешествие в прошлое Земли
_bЭлектронный ресурс
_eаудиоспектакль
_fс участием Анатолия Вассермана [и др.]
_gисполн.: з.а. РФ Владимир Левашев, Алла Човжик, Надежда Винокурова, Павел Дорофеев, Иван Литвинов, Анжелика Рейн
_gавт. и исп. песни: н.а. РФ Олег Анофриев
_gавт. сценария: Александр Лукин
_gзвукорежиссер: Сергей Карпенко
210 _aМосква
_cАРДИС дистрибуция
_d2014
215 _a1 электрон. опт. диск (CD-ROM) (1 ч 14 мин)
225 1 _aРазвивающая аудиоэнциклопедия
225 1 _aИстория Земли
_v2
230 _aЭлектрон. аудиоизд. (173 Мб)
300 _aЗагл. с титул. экрана
333 _a0+
337 _aСистем. требования: IBM совместимый компьютер с процессором Pentium 133 MHz ; 32 Мб RAM ; Windows 95/NT ; видеоадаптер SVGA 800x600
606 1 _aБиосфера
_jСъезды, совещания и т.п.
_9922579
_3RU\NLR\auth\6619598
610 0 _aаудиоспектакли
610 0 _aпроисхождение жизни
610 0 _aэволюция человека
610 0 _aразвитие Земли
675 _a030
_v3
686 _a00
_2grnti
686 0 _aЕ081.1я431(2)
702 1 _4005
_aЛевашев
_bВ. С.
_f1950-
_gВладимир Сергеевич
_9158403
_3RU\NLR\AUTH\770158444
702 1 _4005
_aЧовжик
_bА. С.
_gАлла Станиславовна
_9158294
_3RU\NLR\AUTH\770158335
702 1 _aВинокурова
_bН.
_gНадежда
_4005
702 1 _aДорофеев
_bП.
_gПавел
_4005
702 1 _aЛитвинов
_bИ.
_gИван
_4005
702 1 _aРейн
_bА.
_gАнжелика
_4005
702 1 _aАнофриев
_bО. А.
_f1930-
_gОлег Андреевич
_4005
702 1 _aЛукин
_bА.
_gАлександр
_4090
702 1 _aКарпенко
_bС.
_gСергей
_4300
801 0 _aRU
_bНТЦ Информрегистр
_c20150618
801 1 _aRU
_bНТЦ Информрегистр
_c20150618
942 _cREC
980 _aNB